Los grandes maestros del arte español (Record no. 4941)

MARC details
000 -CABECERA
campo de control de longitud fija 00695nam a2200229 a 4500
001 - NÚMERO DE CONTROL
campo de control BRCA_5247
005 - FECHA Y HORA DE LA ÚLTIMA TRANSACCIÓN
campo de control 20190320205012.0
008 - DATOS DE LONGITUD FIJA--INFORMACIÓN GENERAL
campo de control de longitud fija 301110s192u----sp-a######---#000-0#spa-#
041 ## - CÓDIGO DE LENGUA
Código de lengua del texto/banda sonora o título independiente spa
044 ## - CÓDIGO DEL PAÍS DE LA ENTIDAD EDITORA/PRODUCTORA
Código MARC del país sp
050 #4 - SIGNATURA TOPOGRÁFICA DE LA BIBLIOTECA DEL CONGRESO
Número de clasificación ND812
Número de documento/Ítem .N67 1920
100 1# - ENTRADA PRINCIPAL--NOMBRE DE PERSONA
Nombre de persona Nordau, Max Simon
Fechas asociadas al nombre 1849-1923
9 (RLIN) 13445
245 10 - MENCIÓN DE TÍTULO
Título Los grandes maestros del arte español
Mención de responsabilidad, etc. Dr. Max Nordau ; traducción directa del alemán Rafael Cansinos-Assens.
260 ## - PUBLICACIÓN, DISTRIBUCIÓN, ETC.
Lugar de publicación, distribución, etc. Barcelona
Nombre del editor, distribuidor, etc. Cervantes
Fecha de publicación, distribución, etc. [1920?]
300 ## - DESCRIPCIÓN FÍSICA
Extensión 472 p.
Otras características físicas il.
Dimensiones 22 cm.
500 ## - NOTA GENERAL
Nota general E67
650 14 - PUNTO DE ACCESO ADICIONAL DE MATERIA--TÉRMINO DE MATERIA
Término de materia o nombre geográfico como elemento de entrada Pintores españoles
9 (RLIN) 7620
650 14 - PUNTO DE ACCESO ADICIONAL DE MATERIA--TÉRMINO DE MATERIA
Término de materia o nombre geográfico como elemento de entrada Pintura española
9 (RLIN) 7790
700 1# - PUNTO DE ACCESO ADICIONAL--NOMBRE DE PERSONA
Nombre de persona Cansinos-Assens, Rafael
Término indicativo de función/relación Traductor
9 (RLIN) 13446
902 ## - CATALOGADOR
Iniciales GFM
942 ## - ELEMENTOS DE PUNTO DE ACCESO ADICIONAL (KOHA)
Fuente del sistema de clasificación o colocación Library of Congress Classification
Tipo de ítem Koha Libros
Holdings
Estado de retiro Estado de pérdida Estado dañado No para préstamo Localización permanente Ubicación/localización actual Fecha de adquisición Número de inventario Total de préstamos Signatura topográfica completa Código de barras Fecha visto por última vez Precio válido a partir de Tipo de ítem Koha
El ejemplar forma parte de la colección y puede ser consultado según las políticas vigentes.       Biblioteca del Museo Franz Mayer (Rogerio Casas-Alatriste) Biblioteca del Museo Franz Mayer (Rogerio Casas-Alatriste) 30/11/2010 E67   ND812 .N67 1920 (E67) 5682 22/03/2019 22/03/2019 Libros